Transformation groups in differential geometry / (Record no. 30184)
[ view plain ]
| 000 -LEADER | |
|---|---|
| fixed length control field | 00674 a2200193 4500 |
| 020 ## - INTERNATIONAL STANDARD BOOK NUMBER | |
| International Standard Book Number | 3540586598 |
| 020 ## - INTERNATIONAL STANDARD BOOK NUMBER | |
| International Standard Book Number | 9783540586593 |
| 082 ## - DEWEY DECIMAL CLASSIFICATION NUMBER | |
| Classification number | 516.36 |
| 090 ## - LOCALLY ASSIGNED LC-TYPE CALL NUMBER (OCLC); LOCAL CALL NUMBER (RLIN) | |
| -- | 1574 |
| -- | 1574 |
| 100 1# - MAIN ENTRY--PERSONAL NAME | |
| Personal name | Kobayashi, Shoshichi. |
| 245 10 - TITLE STATEMENT | |
| Title | Transformation groups in differential geometry / |
| Statement of responsibility, etc. | Shoshichi Kobayashi. |
| 250 ## - EDITION STATEMENT | |
| Edition statement | Reprint of the 1st ed. Berlin Heidelberg New York 1972. |
| 260 ## - PUBLICATION, DISTRIBUTION, ETC. | |
| Place of publication, distribution, etc. | [S.l.] : |
| Name of publisher, distributor, etc. | Springer, |
| Date of publication, distribution, etc. | 1995. |
| 300 ## - PHYSICAL DESCRIPTION | |
| Extent | 190 p. ; |
| Dimensions | 24 cm. |
| 490 1# - SERIES STATEMENT | |
| Series statement | Classics in mathematics. |
| 830 #0 - SERIES ADDED ENTRY--UNIFORM TITLE | |
| Uniform title | Classics in mathematics. |
| 942 ## - ADDED ENTRY ELEMENTS (KOHA) | |
| Institution code [OBSOLETE] | SNS |
| Koha item type | Book |
| Call number prefix | 516.36 |
| Withdrawn status | Lost status | Damaged status | Not for loan | Permanent Location | Current Location | Date acquired | Total Checkouts | Full call number | Barcode | Date last seen | Price effective from | Koha item type |
|---|---|---|---|---|---|---|---|---|---|---|---|---|
| School of Natural Sciences (SNS) | School of Natural Sciences (SNS) | 05/26/2016 | 516.36 | SNS0000663 | 05/26/2016 | 05/26/2016 | Book |
